Name 4-Letter Words Containing Each Letter A-Z - Statistics

General Stats
  • This quiz has been taken 67,739 times
  • The average score is 325 of 589
Answer Stats
Starts With Contains # Possible Example Words % Correct
A A 196 also
94%
B B 262 been
94%
C C 237 came
92%
B A 84 back
90%
D D 239 done
90%
F F 195 from
90%
C A 87 came
89%
H H 191 have
89%
G G 195 good
87%
L L 215 like
87%
M M 220 more
87%
P P 267 part
87%
S S 362 said
87%
T T 254 that
87%
B E 71 been
86%
A S 64 also
85%
R R 185 room
85%
D A 66 days
84%
D E 90 done
84%
E E 106 even
84%
H A 69 have
84%
W W 168 with
84%
A E 57 able
83%
F A 61 face
83%
J J 89 just
83%
N N 108 name
83%
F E 63 face
82%
G A 67 gave
82%
H E 71 have
82%
L E 80 like
82%
M A 75 made
82%
B O 66 both
81%
B S 61 best
81%
C O 89 come
81%
K K 130 know
81%
L A 71 last
81%
M E 68 more
81%
P A 79 part
81%
S A 118 said
81%
T A 76 that
81%
C E 54 came
80%
N E 44 name
80%
R A 61 read
80%
T E 84 they
80%
A L 45 also
79%
B R 65 bear
79%
B T 41 both
79%
C R 49 care
79%
C S 49 case
79%
E A 21 each
79%
E S 42 eyes
79%
F R 42 from
79%
G E 56 give
79%
O O 112 only
79%
W A 63 what
79%
A R 38 arms
78%
B K 22 back
78%
B L 50 blue
78%
B N 36 been
78%
C T 28 city
78%
D O 63 done
78%
F I 47 find
78%
R E 75 read
78%
S E 98 some
78%
D S 56 days
77%
I I 59 into
77%
J A 26 jack
77%
P E 85 pale
77%
Q Q 15 quit
77%
Q U 11 quit
77%
V V 75 very
77%
Y Y 74 your
77%
Z Z 35 zone
77%
B D 27 body
76%
D R 46 door
76%
F O 50 from
76%
L I 59 like
76%
L O 58 long
76%
P O 69 poor
76%
W E 59 were
76%
B I 45 bill
75%
B U 54 blue
75%
C L 44 call
75%
D I 51 dish
75%
M N 32 many
75%
M O 66 more
75%
N A 34 name
75%
S I 79 said
75%
S T 67 sent
75%
A C 16 acts
74%
C N 24 corn
74%
F L 53 full
74%
G O 43 good
74%
H O 52 home
74%
K I 44 king
74%
L S 50 last
74%
M I 52 mind
74%
S O 85 some
74%
A N 35 aunt
73%
D N 31 done
73%
F S 42 fast
73%
F T 25 felt
73%
H I 28 high
73%
M S 63 must
73%
P I 61 paid
73%
P L 48 play
73%
P S 66 past
73%
Q I 8 quit
73%
R S 57 rest
73%
T I 49 this
73%
V E 36 very
73%
W I 46 with
73%
A D 20 amid
72%
A T 23 acts
72%
D K 21 dark
72%
F U 33 full
72%
G R 43 girl
72%
H S 47 host
72%
J E 31 june
72%
P R 52 part
72%
R I 46 rich
72%
T R 59 true
72%
T S 58 this
72%
A B 16 able
71%
C D 22 cold
71%
H L 36 half
71%
H R 27 here
71%
H T 28 hurt
71%
J S 26 just
71%
L N 36 long
71%
N O 35 none
71%
P N 39 pain
71%
R O 44 room
71%
S N 53 seen
71%
T O 76 took
71%
A I 36 amid
70%
A M 28 arms
70%
B C 7 back
70%
C B 12 club
70%
C P 24 copy
70%
C U 37 club
70%
D C 12 deck
70%
D U 45 duty
70%
G S 47 goes
70%
J K 12 jack
70%
K E 44 knew
70%
L K 19 like
70%
O E 35 over
70%
P T 37 part
70%
T N 33 than
70%
V A 31 vain
70%
W T 29 with
70%
Y A 28 year
70%
D G 14 drag
69%
D M 21 dumb
69%
D T 35 duty
69%
F D 19 find
69%
G I 40 give
69%
H D 17 hand
69%
L T 31 last
69%
M T 35 must
69%
N I 27 nice
69%
S L 55 soul
69%
W N 30 when
69%
W S 40 wish
69%
B G 15 bags
68%
C M 18 came
68%
F C 12 face
68%
F N 25 find
68%
G L 37 girl
68%
N S 31 news
68%
O S 45 ones
68%
P K 20 pick
68%
U U 40 upon
68%
C H 29 chin
67%
C I 31 city
67%
E R 22 ever
67%
G N 27 gone
67%
G T 26 gate
67%
H N 25 hand
67%
K N 34 know
67%
L M 17 lamp
67%
M K 19 make
67%
M L 32 mile
67%
O N 13 only
67%
P U 46 pure
67%
R D 21 read
67%
R T 29 rest
67%
S K 36 sake
67%
S P 53 ship
67%
T K 18 take
67%
W R 28 were
67%
C K 13 cook
66%
D B 12 dumb
66%
F K 9 folk
66%
I S 18 isle
66%
J O 24 john
66%
L D 20 lord
66%
O A 30 oath
66%
S U 63 such
66%
T U 38 thou
66%
V I 32 view
66%
W O 30 work
66%
A P 13 apes
65%
B M 14 beam
65%
B Y 19 body
65%
D L 25 deal
65%
E T 15 east
65%
H U 28 hour
65%
I E 13 idea
65%
K L 14 kill
65%
L C 17 lack
65%
M D 19 made
65%
R C 11 rich
65%
R N 20 rain
65%
S D 30 said
65%
T L 27 tell
65%
T M 16 them
65%
W D 19 word
65%
W L 21 will
65%
A U 12 aunt
64%
D P 14 deep
64%
F M 12 from
64%
H P 15 hope
64%
L P 14 lips
64%
M C 15 much
64%
M R 28 more
64%
R U 33 rule
64%
S C 30 such
64%
S H 39 such
64%
S R 35 sure
64%
W H 26 with
64%
Z S 12 zest
64%
C W 13 crew
63%
G D 22 good
63%
H K 20 hook
63%
J I 18 join
63%
O R 23 over
63%
R K 15 rock
63%
W K 15 work
63%
Y E 24 year
63%
B F 7 beef
62%
F G 13 flag
62%
G M 21 game
62%
H G 9 high
62%
H M 18 home
62%
I N 15 into
62%
L U 38 loud
62%
L V 9 love
62%
M U 34 must
62%
P C 18 pace
62%
S G 30 sign
62%
S M 35 some
62%
Z O 11 zone
62%
A G 16 ages
61%
A O 29 also
61%
B W 10 blow
61%
C F 13 calf
61%
C G 8 cage
61%
E N 18 even
61%
G U 34 guns
61%
J U 22 just
61%
L B 8 limb
61%
L F 9 life
61%
L G 12 long
61%
N C 5 neck
61%
N M 10 name
61%
O L 18 only
61%
T H 26 that
61%
T P 23 type
61%
Y R 10 your
61%
Z E 15 zone
61%
A X 9 axis
60%
A Y 22 away
60%
B H 13 both
60%
B P 6 bump
60%
D W 11 down
60%
G B 14 grub
60%
J C 3 jack
60%
L R 21 lord
60%
R L 16 real
60%
R P 16 rope
60%
S W 35 show
60%
T C 11 tact
60%
V S 22 vast
60%
A H 13 arch
59%
A W 12 away
59%
C Y 21 city
59%
D F 11 deaf
59%
H V 3 have
59%
J B 8 jobs
59%
K A 44 kale
59%
N T 12 next
59%
Q Z 1 quiz
59%
R G 12 ring
59%
V N 12 vain
59%
C V 3 cave
58%
D V 6 dive
58%
D Y 26 days
58%
E C 11 each
58%
I C 7 inch
58%
I O 9 into
58%
K S 31 kiss
58%
K T 20 kept
58%
N D 11 need
58%
N P 8 naps
58%
T B 7 tomb
58%
T D 16 told
58%
E L 14 else
57%
F B 8 flab
57%
G P 14 grip
57%
I L 14 idle
57%
J M 5 jump
57%
J N 10 john
57%
J T 11 just
57%
O P 9 open
57%
P G 14 page
57%
P Y 26 play
57%
R B 7 robe
57%
R M 14 room
57%
S B 22 stab
57%
S Y 23 says
57%
U N 15 upon
57%
Y O 18 your
57%
Z A 8 zeal
57%
Z N 10 zone
57%
E G 12 edge
56%
E H 10 each
56%
E V 6 even
56%
E Y 20 eyes
56%
F V 3 five
56%
H C 6 hack
56%
I D 11 idea
56%
J L 8 jail
56%
L Y 18 lady
56%
M P 6 maps
56%
N U 13 nuts
56%
P D 15 paid
56%
Q A 7 quay
56%
V L 13 veil
56%
Y S 21 yous
56%
Z I 12 zinc
56%
E D 14 edge
55%
G V 4 give
55%
G Y 18 gray
55%
N B 7 numb
55%
N K 7 neck
55%
O T 13 oath
55%
R F 13 roof
55%
S F 8 soft
55%
T G 15 twig
55%
A Q 1 aqua
54%
P M 16 poem
54%
Q D 5 quid
54%
T Y 26 they
54%
Y K 12 yolk
54%
D Z 4 daze
53%
F Z 7 faze
53%
J D 3 jade
53%
L W 7 laws
53%
M G 10 mage
53%
N L 9 nail
53%
O V 4 over
53%
Q T 2 quit
53%
V T 12 vast
53%
W P 14 wept
53%
G F 6 gift
52%
J P 6 jump
52%
M H 11 much
52%
O D 17 owed
52%
R V 4 rave
52%
T W 16 town
52%
U S 17 used
52%
W M 8 whom
52%
Y U 15 your
52%
F P 5 flap
51%
F W 6 flew
51%
G W 9 grew
51%
H B 6 herb
51%
H F 7 half
51%
H W 10 howl
51%
H Y 12 holy
51%
H Z 2 haze
51%
I T 6 into
51%
J G 6 jugs
51%
J R 6 jury
51%
M Z 4 maze
51%
N R 11 near
51%
P W 9 plow
51%
U E 10 used
51%
W G 6 wing
51%
Y L 11 yell
51%
E O 13 echo
50%
K O 30 know
50%
L Z 3 lazy
50%
P H 17 path
50%
W Y 19 ways
50%
Y N 10 yarn
50%
A K 9 asks
49%
A V 6 avon
49%
F Y 12 fury
49%
I R 8 iron
49%
J W 4 jaws
49%
M B 3 mobs
49%
M V 1 move
49%
M W 7 mows
49%
M Y 13 many
49%
N W 4 news
49%
R H 9 rich
49%
R W 2 rows
49%
S V 3 save
49%
V O 10 vote
49%
D H 8 dish
48%
G Z 2 gaze
48%
O B 10 obey
48%
O Y 16 only
48%
W C 4 wick
48%
W F 7 wife
48%
Z P 3 zaps
48%
L H 10 lash
47%
N G 5 nigh
47%
O U 10 ours
47%
R Y 14 rays
47%
T F 10 turf
47%
W V 4 wave
47%
E I 12 evil
46%
E M 11 emit
46%
E X 8 exit
46%
F H 4 fish
46%
F X 7 flex
46%
G K 9 gawk
46%
I K 8 inks
46%
O K 8 okay
46%
U D 8 used
46%
J Z 2 jazz
45%
N V 5 navy
45%
O I 13 omit
45%
P F 7 puff
45%
U R 10 user
45%
W B 3 womb
45%
A F 5 afar
44%
B Z 3 buzz
44%
E B 2 ebbs
44%
G H 7 gush
44%
J Y 6 jury
44%
K D 5 kind
44%
K P 13 keep
44%
O M 7 omit
44%
O W 5 owns
44%
P V 2 pave
44%
R Z 3 raze
44%
I A 12 idea
43%
J V 3 jive
43%
K G 3 king
43%
P B 2 pleb
43%
C Z 3 cozy
42%
N Y 5 navy
42%
O C 7 once
42%
O G 5 ogre
42%
O X 6 onyx
42%
U O 8 upon
42%
V R 12 very
42%
A J 2 ajar
41%
K C 2 kick
41%
S X 2 sexy
41%
V B 2 verb
41%
Y C 6 yack
41%
Y P 8 yelp
41%
I M 9 item
40%
I Y 9 idly
40%
Q P 2 quip
40%
V C 2 vice
40%
V D 6 void
40%
Z T 4 zest
40%
B X 2 boxy
39%
E K 3 elks
39%
E W 3 ewes
39%
M F 2 miff
39%
U T 4 untp
39%
Y W 9 yawn
39%
I H 3 inch
38%
Q Y 2 quay
38%
U G 3 ugly
38%
V W 4 view
38%
I F 2 info
37%
O F 3 offs
37%
J F 2 jiff
36%
J H 3 josh
36%
O H 10 oath
36%
Z G 3 zing
36%
C X 4 coax
35%
K R 19 kirk
35%
Q N 1 quin
35%
S Z 3 size
35%
T X 3 text
35%
Z M 2 zoom
35%
Y I 12 yogi
34%
Y M 2 yams
34%
K B 7 knob
33%
M X 4 minx
33%
N H 2 nigh
33%
U L 5 ugly
33%
W X 1 waxy
33%
Y G 8 yoga
33%
D J 2 dojo
32%
E P 6 epic
32%
G C 2 guck
32%
Y D 9 yard
32%
Z L 2 zeal
32%
E U 8 euro
31%
K W 3 know
31%
H X 1 hoax
30%
I B 5 ibis
30%
N X 3 next
30%
P X 4 plex
30%
U I 4 unit
30%
D X 3 doxy
29%
U P 6 upon
29%
I P 2 imps
28%
K Y 8 keys
28%
Q G 1 quag
28%
E F 3 effs
27%
L X 2 lynx
27%
O Z 5 ooze
27%
U Y 3 ugly
27%
V Y 3 very
27%
Y T 4 yeti
27%
Z R 4 zero
27%
Z Y 2 zany
26%
J X 2 jinx
25%
M J 1 mojo
25%
U A 10 ural
25%
H J 3 hajj
24%
V M 2 vamp
24%
V P 2 vamp
23%
Z C 2 zinc
23%
N F 3 naff
21%
Q O 2 quod
21%
R J 1 raja
21%
X S 1 xyst
21%
X T 1 xyst
21%
X X 1 xyst
21%
X Y 1 xyst
21%
B V 1 bevy
19%
K H 9 koph
19%
Y B 1 yobs
19%
Q E 1 quey
18%
V G 7 vang
18%
Y H 5 yeah
18%
I X 3 ibex
17%
A Z 3 adze
16%
K M 3 kemp
16%
W Z 1 whiz
16%
Z D 1 zeds
16%
F J 1 fuji
15%
U M 2 umps
15%
K F 9 keef
13%
U B 4 urbs
11%
Z K 4 zonk
11%
I G 2 iggs
10%
N Z 1 nazi
10%
U H 1 ughs
10%
U K 1 ukes
10%
W U 5 wuss
10%
Y F 1 yaff
10%
K U 9 kudu
9%
K V 3 kiva
9%
P Z 3 prez
9%
S J 1 soja
9%
U V 2 ulva
8%
Z B 1 zebu
8%
Z U 2 zebu
8%
I U 1 iglu
7%
Q S 1 qats
7%
R X 1 roux
7%
T V 2 tavs
7%
T Z 1 tzar
7%
K J 1 koji
6%
P J 1 puja
6%
U C 3 unco
6%
V U 5 vaus
6%
V X 1 vext
6%
I Z 1 izar
5%
I W 1 iwis
4%
S Q 1 suqs
4%
Y Z 1 yutz
4%
Z F 1 zarf
4%
Q H 1 qoph
3%
V H 1 vugh
3%
No matching quizzes found
Score Distribution
Percent of People with Each Score
Percentile by Number Answered
Your Score History
You have not taken this quiz